| 000 | 00742nam a2200205Ia 4500 | ||
|---|---|---|---|
| 003 | GCL | ||
| 008 | 140319s9999 xx 000 0 ara d | ||
| 040 |
_aGCL / _cGCL |
||
| 082 | 0 | 4 |
_aد _b050 _bم ح |
| 245 | 1 | 0 | _aحصاد الفكر ( العدد 176 ديسمبر 2006 ) |
| 260 |
_aالقاهرة : _bمركز الاعلام العربى |
||
| 650 | 0 | 4 | _aالنزاع العربى الاسرائيلى |
| 650 | 0 | 4 | _aالقيادة الادارية |
| 650 | 0 | 4 | _aالمرأة - رعاية اجتماعية |
| 650 | 0 | 4 | _aالمرأة - رعاية صحية |
| 650 | 0 | 4 | _aالقدس - تاريخ |
| 650 | 0 | 4 | _aادارة الاعمال - اخلاقيات |
| 650 | 0 | 4 | _aالادباء العرب - نجيب الكيلانى |
| 942 |
_2ddc _cCR |
||
| 999 |
_c9026 _d9026 |
||